000 00663nam a22002297a 4500
005 20250908180636.0
008 160118b xxu||||| |||| 00| 0 spa d
041 _aEspañol
082 _a153.152.2 E24ed
245 _aEducación y crecimiento padres 10 : estimulación del aprendizaje1
260 _aEspaña
_bOcéano
_c2011
300 _a212 páginas
505 _aContiene fichas didácticas de estimulación FE01 ubicadas en la mapoteca
650 _aEDUCACION
650 _aPSICOLOGIA
650 _aPADRES
650 _aCRECIMIENTO DEL BEBE
650 _aGESTACION
650 _aNACIMIENTO
650 _aPRIMER AÑO DE VIDA
942 _cBK
_2ddc
999 _c7403
_d7403